000 00892nam a2200253 a 4500
001 000024305
003 OSt
005 20250210113909.0
008 110126s1980 dr 000 0 spa d
040 _aDO-SdBNP
_bspa
_cBNPHU
082 _a341
_bA696f
100 1 _aArias, Luis,
_q(Arias Núñez)
_99356
245 1 0 _aFundamentos de derecho internacional público /
_cLuis Arias.
260 _aSanto Domingo :
_bUASD,
_c1980.
300 _a135 p. ;
_c22 cm.
490 1 _aUniversidad Autónoma de Santo Domingo
_v282
490 1 _aDerecho y política
_v2
504 _aIncluye referencias bibliográficas y notas al pie de las páginas
590 _aInventariado, 2018/BT
650 4 _aDerecho internacional público
_99388
830 0 _aUniversidad Autónoma de Santo Domingo ;
_v282
_pDerecho y política
_n2
_923985
910 _aValidado. Control de calidad.MMOLINA
942 _2ddc
_cLBS1
999 _c23798
_d23798